000 00286 a2200109 4500
082 _a346.5491082
090 _c1165
_d1165
245 _aPractice and Law of Banking
260 _aKarachi
_bThe Institute of Bankers in Pakistan
_c1995
300 _a151p
942 _aNBS
_cBK
_k346.5491082 IBP
999 _c343695
_d343695